| 000 | 00651cab a2200205 4500 | ||
|---|---|---|---|
| 001 | WB2616-06 | ||
| 008 | 090401t xxu||||| |||| 00| 0 eng d | ||
| 035 | _a(Sirsi) u41128 | ||
| 041 | _aeng | ||
| 245 | _aBanks face major property losses | ||
| 350 | _a0 | ||
| 490 |
_aIndependent _v12//4/90 p30 |
||
| 520 | _aAccording to the credit rating agency IBCA, British and foreign banks lent too much and too quickly to property companies during the development boom and now face major loan losses. | ||
| 650 | _aINVESTMENT | ||
| 650 | _aLENDING | ||
| 650 | _aRECESSION | ||
| 690 | _aPROPERTY-COMMERCIAL PROPERTY | ||
| 942 | _n0 | ||
| 948 | _c04/03/1997 | ||
| 999 |
_c26412 _d26412 |
||